Statistics for All TNA/Impact PPV Main Events

Click here to take the quiz!

General Stats

  • This quiz has been taken 27 times
  • The average score is 295 of 365

Answer Stats

HintAnswer% Correct
Bound For Glory 2009 | Bound For Glory 2013 | Destination X 2008 | +21 othersAJ Styles
100%
Against All Odds 2009 | Bound For Glory 2006 | Bound For Glory 2007 | +27 othersSting
100%
Against All Odds 2012 | Bound For Glory 2011 | Destination X 2012 | +11 othersBobby Roode
95%
Against All Odds 2009 | Final Resolution 2008 (Dec) | Genesis 2005 | Victory Road 2007Brother Ray
95%
Against All Odds 2012 | Bound For Glory 2013 | Lockdown 2011 | +4 othersBully Ray
95%
Against All Odds 2011 | Against All Odds 2012 | Bound For Glory 2010 | +15 othersJeff Hardy
95%
Against All Odds 2007 | Against All Odds 2008 | Against All Odds 2009 | +27 othersKurt Angle
95%
Bound For Glory 2015 | Lockdown 2011 | Slammiversary 2015Matt Hardy
95%
Lockdown 2010 | Lockdown 2011 | Slammiversary 2008Robert Roode
95%
Bound For Glory 2008 | Destination X 2007 | Destination X 2008 | +19 othersSamoa Joe
95%
Against All Odds 2012 | Bound For Glory 2014 | Genesis 2005 | +5 othersJames Storm
90%
Against All Odds 2005 | Against All Odds 2006 | Bound For Glory 2005 | +19 othersJeff Jarrett
90%
Destination X 2010 | Final Resolution 2007 | Lockdown 2005 | +9 othersAbyss
85%
Final Resolution 2008 (Dec) | Genesis 2007 | Genesis 2009 | +3 othersBooker T
85%
Against All Odds 2006 | Against All Odds 2007 | Against All Odds 2008 | +14 othersChristian Cage
85%
Bound For Glory 2020 | Sacrifice 2014 | Slammiversary 2014 | +3 othersEric Young
85%
Against All Odds 2005 | Destination X 2008 | Final Resolution 2008 (Dec) | +2 othersKevin Nash
85%
Hardcore Justice 2010 | Lockdown 2010 | Sacrifice 2010 | +5 othersRob Van Dam
85%
Bound For Glory 2012 | Bound For Glory 2018 | Destination X 2012 | +7 othersAustin Aries
80%
Destination X 2011 | Final Resolution 2009 | Lockdown 2011 | +3 othersChristopher Daniels
80%
Hard To Kill 2020 | Slammiversary 2019Tessa Blanchard
80%
Bound For Glory 2015 | Slammiversary 2015 | Slammiversary 2016Drew Galloway
75%
Bound For Glory 2017 | Bound For Glory 2018 | Homecoming 2019Johnny Impact
75%
Bound For Glory 2016 | Slammiversary 2014 | Slammiversary 2016 | Slammiversary 2017Lashley
75%
No Surrender 2005 | Sacrifice 2005 | Slammiversary 2005Raven
75%
Bound For Glory 2019 | Hard To Kill 2020 | Slammiversary 2019Sami Callihan
75%
Bound For Glory 2019 | Homecoming 2019Brian Cage
70%
Against All Odds 2009 | Final Resolution 2008 (Dec) | Genesis 2005 | +2 othersBrother Devon
70%
Sacrifice 2014Magnus
70%
Lockdown 2011Ric Flair
70%
Bound For Glory 2015 | Bound For Glory 2016Ethan Carter III
65%
Genesis 2009 | Lockdown 2009 | Sacrifice 2009 | +2 othersMick Foley
65%
Rebellion 2019 | Redemption 2018 | United We Stand 2019Pentagon Jr
65%
Bound For Glory 2005 | Genesis 2005 | Lockdown 2006 | +4 othersRhino
65%
Slammiversary 2017Alberto El Patron
60%
Rebellion 2019 | Redemption 2018 | United We Stand 2019Fenix
60%
Against All Odds 2010 | Against All Odds 2011 | Bound For Glory 2010 | +4 othersMr. Anderson
60%
Bound For Glory 2020 | Slammiversary 2020Rich Swann
60%
Final Resolution 2008 (Dec) | Genesis 2009 | Lockdown 2006 | +3 othersScott Steiner
60%
Lockdown 2014 | Slammiversary 2020Eddie Edwards
55%
No Surrender 2009Hernandez
55%
Destination X 2006 | Final Resolution 2005 | Final Resolution 2006 | Slammiversary 2005Monty Brown
55%
Slammiversary 2018Moose
55%
Genesis 2005 | Lockdown 2006 | Slammiversary 2007 | Turning Point 2004Chris Harris
50%
Sacrifice 2008Kaz
50%
Lockdown 2011Kazarian
50%
Final Resolution 2010 | Hard Justice 2009 | No Surrender 2009 | Turning Point 2010Matt Morgan
50%
Lockdown 2014MVP
45%
Lockdown 2014Davey Richards
40%
Destination X 2005Diamond Dallas Page
40%
Hardcore Justice 2010 | Sacrifice 2005 | United We Stand 2019Sabu
40%
Bound For Glory 2017Eli Drake
35%
Lockdown 2006 | Slammiversary 2006Ron Killings
35%
Destination X 2008 | Lockdown 2007 | Turning Point 2007Tomko
35%
Lockdown 2010Desmond Wolfe
30%
Slammiversary 2020Ace Austin
25%
Turning Point 2004Elix Skipper
25%
Rebellion 2019Ortiz
25%
Bound For Glory 2014The Great Muta
25%
Lockdown 2014Robbie E
20%
Bound For Glory 2014The Great Sanada
20%
Against All Odds 2010 | No Surrender 2010D'Angelo Dinero
15%
Lucha Invades NYDr. Wagner Jr
15%
Lockdown 2014Jessie Godderz
15%
Rebellion 2019Santana
15%
Slammiversary 2020Trey
15%
Lucha Invades NYBlue Demon Jr
10%
Slammiversary 2005Sean Waltman
10%
Bound For Glory 2014Tajiri
10%
Genesis 2009Cute Kip
5%

Score Distribution

Percentile by Number Answered

Percent of People with Each Score

Your Score History

You have not taken this quiz